ロード中...
State, development planning and liberalisation in India
| 第一著者: | |
|---|---|
| フォーマット: | Printed Book |
| 出版事項: |
Oxford University Press, Bombay
1997
|
| 主題: |
| LEADER | 00548nam a2200193 4500 | ||
|---|---|---|---|
| 020 | |||
| 082 | |a 338.9 BYR-S | ||
| 100 | |a Byres, Terence J | ||
| 245 | |a State, development planning and liberalisation in India | ||
| 250 | |||
| 260 | |a Oxford University Press, Bombay |c 1997 | ||
| 300 | |||
| 490 | |||
| 500 | |||
| 590 | |||
| 650 | |a Economic growth and development-- Economic Planning | ||
| 942 | |c BK | ||
| 999 | |c 113332 |d 113332 | ||
| 952 | |0 0 |1 0 |4 0 |6 338_900000000000000_BYRS |7 0 |9 126799 |a ECN |b ECN |l 0 |o 338.9 BYR-S |p ECN10355 |r 2019-09-25 |w 2019-09-25 |y BK | ||